00594 2200229 4500001002100000005001700021008004100038020001800079035002400097040001200121082001000133090002100143100001600164245002400180250001100204260003100215300001900246500004500265650002100310850001200331990002100343YOGYA-0209000005747420090227034225.0 ind  a979-413-694-8 0010-020900000057474 aYOPDYOG a8X0.3 aDEP 8X0.3bHer E aHERESTUSIWI aEurekacHerestusiwi aCet. 1 aYogyakartabKanisiusc1991 a147 hlmc20 cm aBekerjasama dengan penerbit Dioma Malang aCerita Indonesia aYOPDYOG a91-260 H CB-D.11